01619cam a22003375a 4500999001700000001000700017003000900024005001700033008004100050020002200091020001800113040005000131082002000181100004500201245003400246250001900280264003700299300002300336336002600359337002800385338002700413520048100440650004300921650003800964650002701002651003601029653002701065655002401092942001201116952015301128 c22174d22146737520EG-ScBUE20210116150327.0980416s1998 nyu f 000 1 eng d a0385491026 (pbk.) a9780385491020 aOCObengerdacOCOdEOWdXY4dOCLCQdEG-ScBUE04a813.54bATW2221 aAtwood, Margaret,d1939-eauthor.92490110aCat's eye /cMargaret Atwood. aFirst edition. 1aNew York :bAnchor Books,c1998. a462 pages ;c21 cm 2rdacontentatextbtxt 2rdamediaaunmediatedbn 2rdacarrieravolumebnc aIt is the story of Elaine Risley, a controversial painter who returns to the city of her youth for a retrospective of her art. Engulfed by vivid images of the past, she reminisces about a trio of girls who initiated her into the fierce politics of childhood and its secret world of friendship, longing, and betrayal. Elaine must come to terms with her own identity as a daughter, a lover, an artist, and a woman--but above all she must seek release from her haunting memories. 7aWomen paintersvFiction.2BUEsh940749 7aFriendshipvFiction2BUEsh940254 7aGirlsvFiction.2BUEsh 7aToronto (Ont.)vFiction.2BUEsh cAugust 2016 bHHUUEENN vReading book934232 2ddccBB 00102ddc40708BaccahaMAINbMAINc2NDd2016-08-14ePurchaseg136.00h24096l3o813.54 ATWp000033247r2025-07-15 00:00:00s2025-02-24v170.00yBB